000 00744nam a2200193Ia 4500
001 3302
003 GE_BSU
008 181216s||||||||xx |||||||||||||| ||und||
040 _cGE_BSU
100 _aГельман,А.С. Гриневич,Г.П. Гриневич,Г.Г.и др.
245 _aСправочник по погрузочно-разгрузочным работам на строительстве.
245 _cПод ред. Г.П.Гриневичa.
260 _aМ.
260 _bГосстройиздат.
260 _c1962.
300 _a367 стр. с илл. 20 см.
653 _aСправочник по погрузочно-разгрузочным работам на строительстве.
942 _cBK
999 _c37343
_d37343